000 00570nam a2200181 i 4500
001 31310
003 ES-MaACL
005 20250801075035.0
007 t|
008 030128s1965 sp ||||1| spa d
100 1 _aBekker, Cajus.
_927104
245 1 3 _aLa Luftwaffe Cotta de ataque 4000 ... /
_cCajus Bekker ; [traducción al español José Luis Yarza Oñate].
260 _aBarcelona :
_bBruguera,
_c[1965]
300 _a603 p., 24 lám. ;
_c21 cm.
700 1 _aYarza Oñate, José Luis
_9117587
852 _aES-MaACL
_jC-28744
_bR.58188
999 _c31310
_d31310